000 00843nam a2200253Ia 4500
008 191130s1999##################000#0#eng##
020 _a9780691059228
022 _a98041031
040 _aACL
_cACL
082 _a305.01 COO
100 _aCoons, John E
245 _aBy nature equal : the anatomy of a western insight
_cJohn E. Coons and Patrick M. Brennan ; with a foreword by John Witte, Jr
260 _aPrinceton
_bPrinceton University Press
_cc1999
300 _axxiv, 362 p. ; 24 cm
500 _aIncludes bibliographical references (p. [261]-348) and index
650 _aEquality - Philosophy
650 _aEquality - Religious aspects
650 _aEquality before the law
700 _aBrennan, Patrick M
700 _aWitte, John
990 _a20095021ac10000c50e9ab4a1e5ef073
991 _a20951
999 _c122106
_d122106